书目信息 |
| 题名: |
家庭影院配置与调试
|
|
| 作者: | 梁沛杰 编著 | |
| 分册: | ||
| 出版信息: | 沈阳 辽宁科学技术出版社 1997.10 |
|
| 页数: | 322页 | |
| 开本: | 16开 | |
| 丛书名: | ||
| 单 册: | ||
| 中图分类: | TN926.7 | |
| 科图分类: | ||
| 主题词: | 散射通信 | |
| 电子资源: | ||
| ISBN: | 7-5381-2673-2 | |
| 000 | 00575nam0 2200193 45 | |
| 001 | 0106121093 | |
| 005 | 20010612104402.4 | |
| 010 | @a7-5381-2673-2@d29.80元 | |
| 100 | @a20010612d1997 km y0chiy0120 ea | |
| 101 | 0 | @achi |
| 105 | @a z 000yy | |
| 200 | 1 | @a家庭影院配置与调试@AJia Ting Ying Yuan Pei Zhi Yu Diao Shi@f梁沛杰编著@FLiang Pei Jie Bian Zhu |
| 210 | @a沈阳@c辽宁科学技术出版社@d1997.10 | |
| 215 | @a322页@d16开 | |
| 606 | 0 | @a散射通信 |
| 690 | @aTN926.7@v3 | |
| 701 | 0 | @a梁沛杰@4编著 |
| 801 | @aCN@bPftUser@c20010612 | |
| 905 | @f5@b346888-892@dTN926.7@eL353/1 | |
| 家庭影院配置与调试/梁沛杰编著.-沈阳:辽宁科学技术出版社,1997.10 |
| 322页;16开 |
| ISBN 7-5381-2673-2:29.80元 |
| ● |
| 相关链接 |
|
|
|
正题名:家庭影院配置与调试
索取号:TN926.7/L353/1
 
预约/预借
| 序号 | 登录号 | 条形码 | 馆藏地/架位号 | 状态 | 备注 |
| 1 | 346888 | 203468880 | 自科库301/301自科库 999排6列1层/ [索取号:TN926.7/L353/1] | 在馆 | |
| 2 | 346889 | 203468899 | 自科二线504/504自科库 8排2列4层/ [索取号:TN926.7/L353/1] | 在馆 | |
| 3 | 346890 | 203468906 | 自科二线504/504自科库 8排2列4层/ [索取号:TN926.7/L353/1] | 在馆 | |
| 4 | 346891 | 203468915 | 自科库301/301自科库 999排6列1层/ [索取号:TN926.7/L353/1] | 在馆 | |
| 5 | 346892 | 203468924 | 自科库301/301自科库 30排3列5层/ [索取号:TN926.7/L353/1] | 在馆 |